Potluck Geography Scramble #4 - Statistics

General Stats
  • This quiz has been taken 323 times
  • The average score is 10 of 18
Answer Stats
Category Answer % Correct
Country Ethiopia
89%
US Territory Guam
86%
African city Timbuktu
83%
Planet Uranus
75%
Oceanic City Auckland
72%
Airline Qantas
71%
Language Tagalog
61%
Ancient City Babylon
56%
Bay Biscay
55%
Peninsula Crimea
52%
Mountain Range Andes
46%
English County Cheshire
45%
River Mekong
43%
Island Corsica
38%
Beach Ipanema
35%
World Capital Dushanbe
26%
Currency Rupiah
17%
Sea Adriatic
16%
No matching quizzes found
Score Distribution
Percent of People with Each Score
Percentile by Number Answered
Your Score History
You have not taken this quiz